00762nam a22002057a 450000500170000001000150001702000260003203500140005803700090007208200110008110000260009224500430011825000060016126000500016727001200021730000200033794200220035799900190037995201580039820250610150221.0 aENG-145243 c150.00a9789385311024 aEN-128775 bDBAD a61321 aSardesai, H.V.981850 aThe Key To Good Health/cH.V. Sardesai a1 aMumbaibSoniya Khare Inking Innovationsc2015 aGround Floor, India rinting House 42, G.D. Ambedkar MArg, WadalabMumbaie400031mipwsoniya@gmail.comk022-24186233 a111p.c21cm(pb) 2ddccENh613mSAR c211707d211707 001040708NFICaRC3SPbRC3SPd2025-06-10eDelivery of Books Act Divisiong150.00l0o613 SARpEN-128775r2025-06-10 00:00:00t1v150.00w2025-06-10yEN